000 01295nam a2200313 4500
003 EG-GICUC
005 20260121101220.0
008 251113s2009 ua ||||fr|||| 00| 0 ara d
017 _a200817756
020 _a9773285146
040 _a EG-GICUC
_bara
_c EG-GICUC
_d EG-GICUC
_erda
041 0 _aara
082 0 4 _221
_a341.851
_bح س . ا
092 0 4 _221
099 _aLaw1 12 341.851 ح س . ا 2009
100 0 _aحسام اسامه محمد
_eمؤلف.
245 1 2 _aالاختصاص الدولى للمحاكم وهيئات التحكيم فى منازعات التجاره الالكترونيه /
_cحسام اسامه محمد.
264 1 _aالاسكندرية :
_bدار الجامعة الجديدة،
_c2009.
300 _a303 ؛ صفحة
_c24 سم.
336 _2rda content
_atext
337 _2rda media
_aComputer
338 _2rda carrier
_aOnline Resource
504 _aيحتوي على ارجاعات ببليوجرافية يحتوي على قائمة بالمراجع
546 _aالنص أغلبه باللغة العربية بعض النصوص الإنجليزية والفرنسية
650 1 _aالتحكيم - قانون دولي
856 4 0 _uhttps://fll.law.cu.edu.eg/fulltext/bks/B12-01171.pdf
905 _a75
_eYara
942 _2ddc
_n0
_cBK
_e21
999 _c43181
_d43181